000 01025nam a2200241 a 4500
001 40315
003 BD-RjUL
005 20211209053206.0
008 160428s2008 bg a|||| |||| 00| 0 ben d
020 _a9840746642
_c: TK 110.00
035 _a(BD-RjUL)40430
040 _aBD-RjUL
_bben
_cBD-RjUL
041 _aben
082 _223
_a891.4420954922
_bMOS 2008
100 _aমোজাহার, সেলিম
_9124211
245 1 0 _aস্বাধীনতা-উত্তর ঢাকাকেন্দ্রিক মঞ্চনাটকে রাজনীতি ও সমাজবাস্তবতা /
_cসেলিম মোজাহার
260 _aঢাকা :
_bবাংলা একাডেমী,
_c২০০৮
300 _a[৬], ১৭৬ পৃ. ;
_c২১ সেমি.
504 _aপরিশিষ্ট সম্বলিত
650 _aবাংলা নাটক
_zবাংলাদেশ
_9120594
650 _aBengali Drama
_zBangladesh
_9120595
942 _2ddc
_cBK
999 _c40315
_d40315